<?xml version="1.0" encoding="UTF-8"?>
<record
    xmlns:xsi="http://www.w3.org/2001/XMLSchema-instance"
    xsi:schemaLocation="http://www.loc.gov/MARC21/slim http://www.loc.gov/standards/marcxml/schema/MARC21slim.xsd"
    xmlns="http://www.loc.gov/MARC21/slim">

  <leader>00848nam a22001817a 4500</leader>
  <controlfield tag="003">OSt</controlfield>
  <controlfield tag="005">20250709160243.0</controlfield>
  <controlfield tag="008">250709b        |||||||| |||| 00| 0 eng d</controlfield>
  <datafield tag="020" ind1=" " ind2=" ">
    <subfield code="a">9780779880683</subfield>
  </datafield>
  <datafield tag="040" ind1=" " ind2=" ">
    <subfield code="c">Chuka University Library</subfield>
  </datafield>
  <datafield tag="050" ind1=" " ind2=" ">
    <subfield code="a">KE 9337 .M36 2017</subfield>
  </datafield>
  <datafield tag="100" ind1=" " ind2=" ">
    <subfield code="a">Manarin Brian (ED)</subfield>
    <subfield code="9">19418</subfield>
  </datafield>
  <datafield tag="245" ind1=" " ind2=" ">
    <subfield code="a">Forensic Evidence in Context: Cases, Materials and Commentaries</subfield>
  </datafield>
  <datafield tag="260" ind1=" " ind2=" ">
    <subfield code="a">Toronto, Canada</subfield>
    <subfield code="b">Thomson Reuters</subfield>
    <subfield code="c">2017</subfield>
  </datafield>
  <datafield tag="300" ind1=" " ind2=" ">
    <subfield code="a">817P.</subfield>
  </datafield>
  <datafield tag="650" ind1=" " ind2=" ">
    <subfield code="a">1.Evidence,Expert........Canada 2.Evidence,Expert.......Canada........Cases 3.Evidence,criminal........Canada 4.Evidence,Criminal........Canada....Cases 5. Forensic Sciences.......Canada 6. Forensic Sciences..........Canada...........Cases 7.Criminal Investigation.............Canada 8.Criminal Investigation...........Canada..........Cases</subfield>
    <subfield code="9">19419</subfield>
  </datafield>
  <datafield tag="942" ind1=" " ind2=" ">
    <subfield code="2">lcc</subfield>
    <subfield code="c">BK</subfield>
    <subfield code="n">0</subfield>
  </datafield>
  <datafield tag="952" ind1=" " ind2=" ">
    <subfield code="0">0</subfield>
    <subfield code="1">0</subfield>
    <subfield code="2">lcc</subfield>
    <subfield code="4">0</subfield>
    <subfield code="7">0</subfield>
    <subfield code="8">LGL</subfield>
    <subfield code="a">CHK</subfield>
    <subfield code="b">CHK</subfield>
    <subfield code="c">LAW</subfield>
    <subfield code="d">2025-07-01</subfield>
    <subfield code="e">Donations from books for Africa</subfield>
    <subfield code="g">15116.00</subfield>
    <subfield code="l">0</subfield>
    <subfield code="o">KE 9337 .M36 2017</subfield>
    <subfield code="p">26374/2025</subfield>
    <subfield code="r">2025-07-09 16:03:48</subfield>
    <subfield code="t">1</subfield>
    <subfield code="w">2025-07-09</subfield>
    <subfield code="y">BK</subfield>
  </datafield>
  <datafield tag="999" ind1=" " ind2=" ">
    <subfield code="c">19345</subfield>
    <subfield code="d">19345</subfield>
  </datafield>
</record>
